[Event "GER-chT U16"]
[Site "Magdeburg"]
[Date "2023.12.30"]
[Round "7.9"]
[White "Schulz, Moritz"]
[Black "Slutski, Daniel"]
[Result "1-0"]
[WhiteElo "1449"]
[BlackElo "1324"]
[PlyCount "51"]
[EventDate "2023.12.26"]
[EventType "team-swiss"]
[EventRounds "7"]
[EventCountry "GER"]
[SourceTitle "CB03_2024"]
[SourceDate "2024.01.17"]
[SourceVersion "1"]
[SourceVersionDate "2024.01.17"]
[SourceQuality "1"]
[WhiteTeam "Leipzig VfB"]
[BlackTeam "Regensburg Bavaria"]
[WhiteTeamCountry "GER"]
[BlackTeamCountry "GER"]

1. e4 c6 2. d4 d5 3. Nc3 dxe4 4. Nxe4 Nf6 5. Nxf6+ exf6 6. c3 Bd6 7. Bd3 0-0 8. Ne2 Re8 9. 0-0 Nd7 10. Qc2 h5 11. Bd2 Nf8 12. Rae1 Qc7 13. f4 Bg4 14. h3 Bxe2 15. Rxe2 Rxe2 16. Bxe2 Ne6 17. Qf5 Re8 18. Bd3 Kf8 19. Qxh5 Bxf4 20. Bxf4 Nxf4 21. Qh8+ Ke7 22. Re1+ Ne6 23. Qxg7 Qf4 24. Bc4 Kd8 25. Qxf7 Nc7 26. Rf1 1-0

[Event "GER-chT U16"]
[Site "Magdeburg"]
[Date "2023.12.28"]
[Round "4.10"]
[White "Slutski, Daniel"]
[Black "Laub, David Johann Heinri"]
[Result "0-1"]
[WhiteElo "1324"]
[BlackElo "1402"]
[PlyCount "36"]
[EventDate "2023.12.26"]
[EventType "team-swiss"]
[EventRounds "7"]
[EventCountry "GER"]
[SourceTitle "CB03_2024"]
[SourceDate "2024.01.17"]
[SourceVersion "1"]
[SourceVersionDate "2024.01.17"]
[SourceQuality "1"]
[WhiteTeam "Regensburg Bavaria"]
[BlackTeam "Bebenhausen"]
[WhiteTeamCountry "GER"]
[BlackTeamCountry "GER"]

1. e4 e5 2. d4 exd4 3. Qxd4 Nc6 4. Qe3 d6 5. Bd2 Be6 6. Nc3 Nf6 7. f4 d5 8. exd5 Nxd5 9. Nxd5 Qxd5 10. Nf3 Bc5 11. Qd3 0-0 12. Ng5 g6 13. Ne4 Bd4 14. Nc3 Bxc3 15. Bxc3 Rfe8 16. Kd2 Rad8 17. Kc1 Qh5 18. Qf3 Bg4 0-1